Studies in macroeconomic theory

Na minha lista:
Detalhes bibliográficos
Autor principal: Phels, Edmund S.
Formato: Livro
Idioma:inglês
Publicado em: New York Academia Press 1979
Tags: Adicionar Tag
Sem tags, seja o primeiro a adicionar uma tag!

MARC

LEADER 00000nam a2200000 4500
001 c140338
005 20041019155318.6
041 0 |a eng 
044 |a US 
245 1 0 |a Studies in macroeconomic theory  |c Edmund S. Phels 
264 1 |a New York  |b Academia Press  |c 1979 
300 |a 418 s. 
100 1 |a Phels, Edmund S.